| 000 | 01238cam a2200349 a 4500 | ||
|---|---|---|---|
| 001 | 14403666 | ||
| 003 | ARRUPE | ||
| 005 | 20131107135629.0 | ||
| 008 | 060607s2006 sw b 000 0 eng | ||
| 010 | _a 2006421056 | ||
| 020 | _a2825414662 | ||
| 035 | _a(OCoLC)ocm69413994 | ||
| 040 |
_aBZM _cBZM _dDLC |
||
| 042 | _alccopycat | ||
| 043 | _af------ | ||
| 050 | 0 | 0 |
_aBR1360 _b.O85 2006 |
| 082 | 0 | 0 |
_a276/.083 _222 |
| 100 | 1 |
_aOtieno, Nicholas. _93483 |
|
| 245 | 1 | 0 |
_aJourney of hope : _btowards a new ecumenical Africa / _cNicholas Otieno with Hugh McCullum. |
| 260 |
_aGeneva : _bWCC Publications, _c2006. |
||
| 300 |
_axxii, 187 ; _c20 cm. |
||
| 504 | _aIncludes bibliographical references (p. [183]-187). | ||
| 650 | 0 |
_aChristianity _zAfrica. _93484 |
|
| 650 | 0 |
_aChurch and social problems _zAfrica. _93485 |
|
| 650 | 0 |
_aEcumenical movement _zAfrica. _93486 |
|
| 651 | 0 |
_aAfrica _xSocial conditions _y1960- _93487 |
|
| 700 | 1 |
_aMcCullum, Hugh. _93488 |
|
| 856 | 4 | 1 |
_3Table of contents only _uhttp://www.loc.gov/catdir/toc/fy0613/2006421056.html |
| 906 |
_a7 _bcbc _ccopycat _d2 _encip _f20 _gy-gencatlg |
||
| 942 |
_2lcc _cMONOGRAPH |
||
| 999 |
_c118575 _d118575 |
||